States that have not produced a U.S. President - Statistics

General Stats
  • This quiz has been taken 50 times
  • The average score is 20 of 22
Answer Stats
Answer % Correct
North Dakota
100%
South Dakota
100%
Alabama
98%
Montana
98%
Alaska
95%
Maine
95%
New Mexico
95%
Utah
93%
Wyoming
93%
Arizona
91%
Idaho
91%
Mississippi
91%
West Virginia
91%
Oregon
89%
Oklahoma
86%
Washington
86%
Colorado
84%
Rhode Island
84%
Wisconsin
84%
Maryland
82%
Minnesota
82%
Nevada
80%
No matching quizzes found
Score Distribution
Percent of People with Each Score
Percentile by Number Answered
Your Score History
You have not taken this quiz